Nuevas tecnologías de la información y comunicación : para la construcción del aprender /

Guardado en:
Autor Principal: Sánchez Ilabaca, Jaime
Formato: Libro
Publicado: Santiago de Chile : Universidad de Chile, 2000
Materias:
Tic
Etiquetas: Agregar Etiqueta
Sin Etiquetas, Sea el primero en etiquetar este registro!
LEADER 01181nam a22002055a 4500
001 CEM.cems010590
005 20070625150207.0
008 130507s2000##################000#0#####d
003 CEMS
020 |a 9562888436 
082 0 4 |a 371.41 
100 1 |a Sánchez Ilabaca, Jaime 
245 1 0 |a Nuevas tecnologías de la información y comunicación :  |b  para la construcción del aprender /  |c Jaime Sánchez Ilabaca 
260 |a Santiago de Chile :  |b Universidad de Chile,  |c 2000 
300 |a 320 p. 
505 0 |a Lineamientos sobre el uso de las Nuevas Tecnologías de la Información y Comunicación en Educación -- Informática educativa -- Constructivismo e informática educativa -- Microproyectos en informática educativa -- Aprendizaje y trabajo colaborativo en informática educativa -- Mapas conceptuales e informática educativa -- Siete caminos para aprender, informática educativa e inteligencias múltiples -- Software educativo -- Usos pedagógicos de Internet -- Aprendizaje visible, computador invisible 
653 |a Nuevas tecnologías de la información 
653 |a Tic 
653 |a Informática educativa 
859 |a CEMS  |b BIB. CEMS - 11 de abril  |h 371.41  |i Sa55  |p 21078.00  |t Ej.1